00525nam a2200145Ia 4500008004100000020001500041082001900056100004600075245007800121260003100199300001000230942001200240999001900252952010800271210430s9999 xx 000 0 und d a8123918801 a661.804 L183 P aChitta Ranjan Lahiri, Dipa Biswas9127117 aPetrochemical Industries Tcchnology and Processes /cChitta Ranjan Lahiri aIndiabCBS Publisherc2010 a196 p cBK2ddc c564950d564950 001040708NFICaSCMEbSCMEcGENd0000-00-00l0o661.804 L183 PpSCME-4230r2021-04-30w2021-04-30yBK